Регионална библиотека "Любен Каравелов" - Русе

[Тридесет] 30 години Международен фестивал "Мартенски музикални дни" (Запис номер 170961)

MARC детайли
000 -Лидер
Контролно поле с фиксирана дължина 01642nam a2200421 a 4500
003 - Код на организацията, давaща контролен номер
Контролно поле BLK
005 - Дата и час на последна редакция
Контролно поле 20230802113822.0
008 - Елементи от данни с фиксирана дължина
fixed length control field 180411b bul|||||r ||||||| ||bul||
010 ## - Наследен системен номер
LC control number KNG00179193000
040 ## - Източник на каталожния запис
Идентификатор на билиотеката - собственик на записа BLK
041 ## - Код за език
Код за езика на текст/звукозапис или на отделно заглавие Български
Код за езика КДБФ Български
072 #7 - Код за тематичната категория
Код организация bullib
Код за тематична категория К
Текст Краезнание
080 ## - УДК
Текстов определител УДК Фестивали, музикални празнества
УДК код - определител по УДК 7.091.4
УДК определител (497.215)
УДК - код + определител 7.091.4(497.215)
100 ## - Редна дума - Автор
Автор Чавдарова, Ива Бончева
Дати, свързани с автора 1954-
R(LIN) 262882
139 ## - Редно поле
Редна дума Чавдарова, Ива
Авторски знак Ча - Ч 12
245 10 - Сведения за заглавието
Заглавие [Тридесет] 30 години Международен фестивал "Мартенски музикални дни"
Редно поле (дума) Ива Бончева Чавдарова; състав. Ива Бончева Чавдарова; състав. Васка Шейтанова.
Физически носител (вид на носителя) [Малотир. изд.]
257 ## - Страна на издаване
Страна на създаване/издаване България
260 ## - Област на издателските данни
Място на издаване, разпространение и проч. Русе
Име на издателя, разпространителя и проч. б. и.
Година на издаване 1989
9 (RLIN) 441842
300 ## - Физическа характеристика
Страници 94 с.
Размери/Мащаб 23 х 24 см
380 ## - Жанр
Жанр Изкуство
650 #4 - Допълнително описание по предмет – тема
Основно описание – тема или топоним Фестивали
9 (RLIN) 175227
650 #4 - Допълнително описание по предмет – тема
Основно описание – тема или топоним Русе - култура
9 (RLIN) 251541
651 #4 - Допълнително описание по предмет - топоним
Географско понятие България
9 (RLIN) 241624
651 #4 - Допълнително описание по предмет - топоним
Географско понятие Русе
9 (RLIN) 179462
653 ## - Ключова дума – ненормативна
Ключова дума фестивали
653 ## - Ключова дума – ненормативна
Ключова дума ММД
659 ## - Тематичен бюлетин
Тематичен бюлетин К
700 ## - Други автори (авторска отговорност)
Лично име Чавдарова, Ива Бончева
Дати, свързани с автора 1954-
9 (RLIN) 262882
700 1# - Други автори (авторска отговорност)
Лично име Шейтанова, Васка
Автороска отговорност (Описва отношението между автора и произведението) състав.
9 (RLIN) 302802
852 ## - Местоположение
Форматна сигнатура Цб Гр А 2034
852 ## - Местоположение
Форматна сигнатура К 78/Ч 12 И
Фондова буква Краезнание
856 4# - Електронен адрес и достъп
Електронен формат pdf - файл
856 4# - Електронен адрес и достъп
Електронен формат pdf - файл
999 ## - СИСТЕМНИ КОНТРОЛНИ НОМЕРА
Koha biblionumber 170961
Koha biblioitemnumber 170961
942 ## - АРТИКУЛИ
Вид на библиотечния материал Книги
Скрит в OPAC Не
Периодичен библиозапис Да
944 ## - СЪЗДАВАНЕ И РЕДАКЦИЯ на ЗАПИСА
Създаване/Редакция Създаване
Дата на регистрацията/редакция 06.08.2015
Служител, извършил регистрацията/редакцията 30556
Статус, дата на статуса Теодора Пейчева-Дянкова
944 ## - СЪЗДАВАНЕ И РЕДАКЦИЯ на ЗАПИСА
Създаване/Редакция Редакция
Дата на регистрацията/редакция 06.08.2015
Служител, извършил регистрацията/редакцията Валя_Йорданова
999 ## - СИСТЕМНИ КОНТРОЛНИ НОМЕРА
Koha biblioitemnumber 170961
Наличности
Код за отписване Код за изгубен артикул Източник на класификационната схема Код за повреда Коз за рестрикции Код за отдаване Артикулен № Име на библиотеката - собственик Име на библиотеката, в която се намира в момента Статус (Текущо местоположение) Дата на вписване в системата Местоположение - отдел Цена в лева Инвентарен номер Систематично азбучна сигнатура Баркод Номер на екземпляра Цена в евро Служебна бележка Служебен тип на артикула
  Не е изгубен Universal Decimal Classification Не е повреден без рестрикции ползва се в читалня 290225 Регионална библиотека "Любен Каравелов" Русе Регионална библиотека "Любен Каравелов" Русе Краезнание 1898-01-01 Краезнание 0.00 545627 К 78/Ч 12 И 120000545627 1 0.00 N: Сф Дата: 01.01.1898 Дата инв: 10.11.2017 Бележки инв: К2017 Книги
  Не е изгубен Universal Decimal Classification Не е повреден само за читалня ползва се в читалня 876120 Регионална библиотека "Любен Каравелов" Русе Регионална библиотека "Любен Каравелов" Русе Краезнание 2022-03-17 Краезнание 2.00   К 78/Ч 12 120000869077   1.02   Книги
Vip Innovations Ltd, Rousse, Bulgaria 2025